Thinking ethically in business

Bibliographic Details
Main Author: Dwyer, Sandra L.
Corporate Author: ProQuest (Firm)
Format: Electronic eBook
Language:English
Published: Tirril [England] : Humanities-Ebooks, 2008.
Series:Philosophy insights.
Subjects:
Online Access:Click to View
LEADER 01233nam a2200337 a 4500
001 EBC3306118
003 MiAaPQ
005 20200520144314.0
006 m o d |
007 cr cn|||||||||
008 120611s2008 enka sb 001 0 eng d
020 |a 9781847600608 (electronic bk.) 
035 |a (MiAaPQ)EBC3306118 
035 |a (Au-PeEL)EBL3306118 
035 |a (CaPaEBR)ebr10567345 
035 |a (CaONFJC)MIL204049 
035 |a (OCoLC)697474315 
040 |a MiAaPQ  |c MiAaPQ  |d MiAaPQ 
050 4 |a HF5387  |b .D89 2008 
100 1 |a Dwyer, Sandra L. 
245 1 0 |a Thinking ethically in business  |h [electronic resource] /  |c Sandra L. Dwyer. 
260 |a Tirril [England] :  |b Humanities-Ebooks,  |c 2008. 
300 |a 84 p. :  |b ill. (some col.). 
490 1 |a Philosophy insights 
504 |a Includes bibliographical references and index. 
533 |a Electronic reproduction. Ann Arbor, MI : ProQuest, 2015. Available via World Wide Web. Access may be limited to ProQuest affiliated libraries. 
650 0 |a Business ethics. 
655 4 |a Electronic books. 
710 2 |a ProQuest (Firm) 
830 0 |a Philosophy insights. 
856 4 0 |u https://ebookcentral.proquest.com/lib/matrademy/detail.action?docID=3306118  |z Click to View